000 00843nam a22002537a 4500
005 20170124105924.0
010 _aA-743308
020 _c00.00
035 _aA-743308
037 _bCen Lib/Ret
040 _aDPL
_bEN
082 _a327.5367
100 _aPasha, A. K.
_95556
245 _aKuwait :
_cby A. K. Pasha
_bstrategies of survival /
260 _aNew Delhi
_bHar-Anand Publications
_c1995
270 _a364-A, Chirag Delhi
_bNew Delhi
_e7000217
300 _a334p.
_c21cm(Hb)
500 _aIncludes bibliographical references and index
650 _aGulf war-Kuwait
_95557
650 _aWar in the gulf(1991)
_95558
650 _aखाड़ी युद्ध-कुवैत
_95559
650 _aखाड़ी देशों में युद्ध (1991)
_95560
942 _2ddc
_cEN
_h327.5367
_mPAS
999 _c123352
_d123352